<?xml version="1.0" encoding="UTF-8"?>
<record
    xmlns:xsi="http://www.w3.org/2001/XMLSchema-instance"
    xsi:schemaLocation="http://www.loc.gov/MARC21/slim http://www.loc.gov/standards/marcxml/schema/MARC21slim.xsd"
    xmlns="http://www.loc.gov/MARC21/slim">

  <leader>01923cam a22001931  4500</leader>
  <datafield tag="082" ind1=" " ind2=" ">
    <subfield code="a">671.33</subfield>
    <subfield code="b">FPJ</subfield>
    <subfield code="c">L-24, P-10</subfield>
  </datafield>
  <datafield tag="100" ind1=" " ind2=" ">
    <subfield code="a">Johnson, carl G</subfield>
    <subfield code="9">44964</subfield>
  </datafield>
  <datafield tag="245" ind1="0" ind2="0">
    <subfield code="a">Forging practice;</subfield>
    <subfield code="c">Editor-in-chief, Howard Monroe Raymond, assisted by a corps of mechanical engineers, designers, and specialists in shop methods and management.</subfield>
  </datafield>
  <datafield tag="250" ind1=" " ind2=" ">
    <subfield code="a">Rev. ed.,</subfield>
  </datafield>
  <datafield tag="260" ind1=" " ind2=" ">
    <subfield code="a">Chicago,</subfield>
    <subfield code="b">American technical society,</subfield>
    <subfield code="c">1944.</subfield>
  </datafield>
  <datafield tag="300" ind1=" " ind2=" ">
    <subfield code="a">vii, 136 p.</subfield>
    <subfield code="b">fronts., illus., diagrs.</subfield>
    <subfield code="c">22 cm.</subfield>
  </datafield>
  <datafield tag="505" ind1="0" ind2=" ">
    <subfield code="a">v. 1. Machine shop work, by F. W. Turner and O. E. Perrigo; revised by Aldrick Bertrand. Modern manufacturing, by H. P. Fairfield and H. W. Dows; revised by Aldrick Bertrand. Machine shop management, by O. E. Perrigo.--v. 2. Pattern making, by James Ritchey; revised by W. W. Monroe, C. W. Beese and P. R. Hall. Practical physics, by G. M. Hobbs. Air tools, by John Oliphant. Slide rule, by W. T. Breckenridge.--v. 3. Foundry work, by W. C. Stimpson and B. L. Gray; revised by John Grennan. Forging practice, by C. G. Johnson.--v. 4. Tool making, by C. B. Cole. Tool design, by C. B. Cole. Dies and sheetmetal stamping, by F. W. Curtis.--v. 5. Metallurgy, by C. G. Johnson, R. S. Dean and J. L. Gregg. Oxyacetylene welding, by R. J. Kehl; revised by M. H. Potter. Electric welding, by M. H. Potter.--v. 6. Blueprint reading, by R. H. Fortman and James McKinney. Practical mathematics, by G. M. Hobbs. Logarithms. Trigonometry, by N. R. George; revised by C. W. Leigh.--v. 7. Mechanical drawing, by Ervin Kenison, T. C. Plumridge and James McKinney. Machine drawing, by C. L. Griffin and R. H. Fortman.--v. 8. Mechanism, by W. H. James and L. S. Smith. Machine design, by S. E. Winston. General index.</subfield>
  </datafield>
  <datafield tag="526" ind1=" " ind2=" ">
    <subfield code="a">0</subfield>
    <subfield code="b">0</subfield>
    <subfield code="c">0</subfield>
    <subfield code="d">671_330000000000000_FPJ</subfield>
  </datafield>
  <datafield tag="650" ind1=" " ind2="0">
    <subfield code="a">Machine-shop practice.</subfield>
    <subfield code="9">36237</subfield>
  </datafield>
  <datafield tag="650" ind1=" " ind2="0">
    <subfield code="a">MCE</subfield>
    <subfield code="9">379</subfield>
  </datafield>
  <datafield tag="700" ind1="1" ind2=" ">
    <subfield code="a">Raymond, Howard Monroe,</subfield>
    <subfield code="9">44965</subfield>
  </datafield>
  <datafield tag="710" ind1="2" ind2=" ">
    <subfield code="a">American Technical Society.</subfield>
    <subfield code="9">44350</subfield>
  </datafield>
  <datafield tag="942" ind1=" " ind2=" ">
    <subfield code="2">ddc</subfield>
    <subfield code="c">BK</subfield>
  </datafield>
  <datafield tag="999" ind1=" " ind2=" ">
    <subfield code="c">548604</subfield>
    <subfield code="d">548604</subfield>
  </datafield>
  <datafield tag="952" ind1=" " ind2=" ">
    <subfield code="0">0</subfield>
    <subfield code="1">0</subfield>
    <subfield code="2">ddc</subfield>
    <subfield code="4">0</subfield>
    <subfield code="7">0</subfield>
    <subfield code="a">MCE</subfield>
    <subfield code="b">MCE</subfield>
    <subfield code="d">2014-09-03</subfield>
    <subfield code="l">0</subfield>
    <subfield code="o">671.33 FPJ</subfield>
    <subfield code="p">MCE-40812</subfield>
    <subfield code="r">2014-09-03</subfield>
    <subfield code="w">2014-09-03</subfield>
    <subfield code="y">BK</subfield>
  </datafield>
</record>
